[Event "AUTO-OPEN-983"]
[Site "http://www.queenalice.com/game.php?id=342140"]
[Date "2008.1.24"]
[Round "1"]
[White "rangeljs"]
[Black "EDISAN"]
[Result "1-0"]
[WhiteElo "1816"]
[BlackElo "1201"]

1. e4 Nf6 2. e5 Ng8 3. Bc4 a5 4. Qf3 e6 5. d4 Nc6 6. d5 Nxe5 7. Qc3 f6 8. dxe6
Bb4 9. exd7+ Bxd7 10. Bxg8 Bxc3+ 11. Nxc3 Rxg8 12. Bf4 Nc4 13. O-O-O Qe7 14. Nf3
Rc8 15. Rhe1 Be6 16. Nd4 g5 17. Nxe6 gxf4 18. Nd5 Qc5 19. Nxc5+ Kf7 20. Re7+ Kf8
21. Nd7# 1-0

[Event "AUTO-OPEN-1008"]
[Site "http://www.queenalice.com/game.php?id=351273"]
[Date "2008.2.9"]
[Round "1"]
[White "EDISAN"]
[Black "mowliid12"]
[Result "0-1"]
[WhiteElo "1173"]
[BlackElo "1867"]

1. d4 d5 2. h4 Nf6 3. h5 Bf5 4. a4 h6 5. g3 e6 6. e3 c5 7. dxc5 Bxc5 8. f4 Nc6
9. a5 Nxa5 10. Bd2 Nc6 11. Na3 Ne4 12. Bc3 O-O 13. Nb5 Nxg3 14. Rh4 Qxh4 15. Qd2
Ne4+ 16. Kd1 Bg4+ 17. Be2 Bxe2+ 18. Qxe2 Ng3 19. Qg2 Bxe3 20. Nf3 Qg4 21. Nc7
Rac8 22. Nb5 Bxf4 23. Rxa7 Nxa7 24. Nxa7 Ra8 25. Nc6 Ra1# 0-1

[Event "AUTO-OPEN-1008"]
[Site "http://www.queenalice.com/game.php?id=351274"]
[Date "2008.2.9"]
[Round "1"]
[White "mowliid12"]
[Black "EDISAN"]
[Result "1-0"]
[WhiteElo "1903"]
[BlackElo "1174"]

1. d4 g5 2. e4 Nc6 3. Bxg5 Bg7 4. c3 a5 5. e5 h6 6. Bh4 d5 7. h3 b5 8. Bxb5 Bd7
9. Nf3 a4 10. Bxa4 Rb8 11. b4 h5 12. Ng5 Nh6 13. Qf3 O-O 14. Qxd5 e6 15. Qe4 Ra8
16. Qh7# 1-0

[Event "AUTO-OPEN-1008"]
[Site "http://www.queenalice.com/game.php?id=351277"]
[Date "2008.2.9"]
[Round "1"]
[White "EDISAN"]
[Black "JULIANE_BRASIL"]
[Result "0-1"]
[WhiteElo "1171"]
[BlackElo "2149"]

1. d4 c5 2. dxc5 Nc6 3. e4 e5 4. Qd5 Nf6 5. Qd3 Bxc5 6. Nf3 O-O 7. Nh4 Nd4 8.
Qc3 Nxe4 9. Qe3 Nxc2+ 10. Kd1 Nxe3+ 11. fxe3 Nf2+ 12. Ke2 Nxh1 13. a4 Qxh4 14.
a5 Qf2+ 15. Kd3 Qxf1+ 16. Ke4 Qxc1 17. Kd5 Qxe3 18. Na3 Qd4# 0-1

[Event "AUTO-OPEN-1008"]
[Site "http://www.queenalice.com/game.php?id=351278"]
[Date "2008.2.9"]
[Round "1"]
[White "JULIANE_BRASIL"]
[Black "EDISAN"]
[Result "0-1"]
[WhiteElo "2094"]
[BlackElo "1198"]

1. d4 g5 2. e4 h5 3. Be2 a5 4. Nc3 a4 5. Nf3 g4 6. Nd2 Nc6 7. O-O Nxd4 8. Nc4 c5
9. Be3 Ne6 10. Qd2 Bg7 11. Rad1 Rb8 12. Nxa4 b5 13. Nxc5 Rb7 14. Nxb7 Bxb7 15.
Nb6 Bxe4 16. Bxb5 Nc7 17. Nxd7 Nxb5 18. Qb4 Nd6 19. Nb6 Qc7 20. c4 Nxc4 21. Nxc4
Qc6 22. Qb8+ Qc8 0-1

[Event "Challenge"]
[Site "http://www.queenalice.com/game.php?id=354618"]
[Date "2008.2.15"]
[Round "-"]
[White "EDISAN"]
[Black "lica"]
[Result "0-1"]
[WhiteElo "1181"]
[BlackElo "1261"]

1. d4 d5 2. b4 Nc6 3. a3 Nf6 4. Nf3 Bg4 5. h4 Bxf3 6. exf3 e6 7. g4 Bd6 8. h5 a5
9. bxa5 Nxa5 10. a4 Bb4+ 11. c3 Qd6 12. Qe2 Nb3 13. Qb5+ Nd7 14. Ra2 Nxc1 15.
Rd2 Bxc3 16. Nxc3 b6 17. Qb1 Qa3 18. Nb5 Qxf3 19. Nxc7+ Ke7 0-1

[Event "Ikki_de_Fenix"]
[Site "http://www.queenalice.com/game.php?id=358136"]
[Date "2008.2.20"]
[Round "1"]
[White "EDISAN"]
[Black "Danilo"]
[Result "0-1"]
[WhiteElo "1169"]
[BlackElo "1723"]

1. e4 e5 2. Nf3 d6 3. Bc4 h6 4. Bb5+ Bd7 5. Bc4 Nf6 6. d3 a6 7. a4 Nc6 8. h4 Bg4
9. c3 Bxf3 10. gxf3 Be7 11. Rg1 Nh5 12. Nd2 Bxh4 13. Qb3 O-O 14. Qxb7 Na5 15.
Qd5 Nxc4 16. Qxc4 Nf4 17. a5 Kh8 18. Nf1 Bxf2+ 19. Kxf2 Qh4+ 20. Ng3 Nh3+ 21.
Kg2 Nxg1 22. Kxg1 Qxg3+ 23. Kf1 Qxf3+ 24. Ke1 c5 25. b4 f5 26. Qe6 fxe4 27. Qg6
Qf1+ 28. Kd2 Rf2+ 29. Ke3 Qe1# 0-1

[Event "Challenge"]
[Site "http://www.queenalice.com/game.php?id=365256"]
[Date "2008.3.4"]
[Round "-"]
[White "EDISAN"]
[Black "dani29rock"]
[Result "0-1"]
[WhiteElo "1197"]
[BlackElo "1568"]

1. e4 e5 2. Nf3 d6 3. Bc4 c6 4. Ng5 Qxg5 5. d3 Qxg2 6. Rf1 Be7 7. Qh5 Bg4 8.
Qxf7+ Kd7 9. Qxg7 Qf3 10. Qxh8 Qe2# 0-1